000 00879cam a2200265 a 4500
001 2911130
005 20180215074406.0
008 880810s1989 dcu 001 0 eng c
010 _a 88026257
020 _a0880481617 (alk. paper)
020 _a0880482834 (soft : alk. paper)
040 _aDNLM/DLC
_cDLC
_dDLC
041 _aeng
060 _aWM 15 D536 1987 Suppl.
080 _a616.89075 rob
082 0 0 _a616.89075 rob
_219
100 _a3
101 _ashm
245 0 0 _aDSM-III-R casebook :
_cRobert L. Spitzer ... [et al.].
504 _aIncludes bibliographical references and indexes.
740 0 _aDSM-III-R case book.
906 _a7
_bcbc
_corignew
_d1
_eocip
_f19
_gy-gencatlg
942 _2ddc
_cBK
999 _c42675
_d42675